Normale Ansicht MARC-Ansicht ISBD

Eisenhüttenstadt : (Titelsatznr. 27383)

[ MARC ]
MARC-Details
000 -Satzkennung
Kontrollfeld mit fester Länge 00562nam a22001931c 4500
001 - Kontrollnummer
Kontrollfeld a987665074
008 - Feld mit fester Länge zur physischen Beschreibung - Allgemeine Angaben
Kontrollfeld mit fester Länge 100127s1998 gw |||| 000u ger d
041 ## - Sprachcode
Sprachcode des Textes/der Tonspur oder des separaten Titels ger
040 ## - Katalogisierungsquelle
Übertragungsstelle RU-10907106
003 - Kontrollnummer Identifier
Kontrollfeld RU-10907106
245 00 - Titel
Titel Eisenhüttenstadt :
Zusatz zum Titel Architektur, Skulptur ; Stadtbilder; Öffnungen, Gestalt, Ansichten, Erkundungen
264 ## - Produktion, Veröffentlichung, Distribution, Herstellung und Urheberrechtsvermerk
Herstellungs-, Veröffentlichungs- Vertriebs-, Erzeugungsort Eisenhüttensatdt,
Datum der Herstellung, der Veröffentlichung, des Vertriebs oder des Urheberschutzvermerks 1998
300 ## - Physische Beschreibung
Umfang 111 S.
650 #0 - Nebeneintragung unter einem Schlagwort - Sachschlagwort
Sachschlagwort oder geografischer Name als Eintragungselement Architektur
651 #0 - Nebeneintragung unter einem Schlagwort - Geografischer Name
Geografischer Name Eisenhüttenstadt
700 1# - Nebeneintragung - Personenname
Personenname Gericke, Frank
Funktionsbezeichnung HerausgeberIn
710 2# - Nebeneintragung - Körperschaftsname
Körperschafts- oder Gebietskörperschaftsname als Eintragungselement Stadtverwaltung Eisenhüttenstadt
942 ## - Zusätzliche Felder (Koha)
Koha-Medientyp Monographien
Exemplare
Ausgeschieden Verloren Klassifikation oder Aufstellungssystematik Beschädigt Nicht entleihbar Heimatbibliothek Aufenthaltsbibliothek Aufstellungsort Erwerbungsdatum Inventarnummer Signatur Barcode Letzte Aktivität Preis gültig von Koha-Medientyp
    Andere/Generische Klassifikation     MWN Osteuropa MWN Osteuropa Lesesaal - 1 27/01/2010 09-01310 D 54 k Eis 2 E004015078FCEAAC 22/02/2021 22/03/2021 Monographien